00392nam a2200181Ia 4500003000400000005001700004008004100021020002400062040000700086041000800093082001300101100001500114245002300129260002000152300000900172650001400181700001500195OSt20251118101201.0250729s2005 xx 000 0 und d a ‎ 978-8183571210 cAL aeng a910 CHOG aChopra P S aGeography of india aNew Delhic2005 a696p aGeography aChopra J K